|
|
|
|
| LEADER |
00000nam0a2200000 4500 |
| 001 |
311678 |
| 005 |
20231102002417.0 |
| 020 |
|
|
|a RU
|b 82-25602
|
| 035 |
|
|
|a (RuTPU)RU\TPU\book\337043
|
| 090 |
|
|
|a 311678
|
| 100 |
|
|
|a 20151210d1982 m y0rusy5003 ca
|
| 101 |
0 |
|
|a rus
|
| 102 |
|
|
|a RU
|
| 105 |
|
|
|a a j 000zy
|
| 200 |
1 |
|
|a Технология облицовки поверхностей синтетическими материалами
|e учебник для среднего профессионального образования
|f Е. Д. Белоусов
|
| 205 |
|
|
|a 3-е изд,., перераб. и доп.
|
| 210 |
|
|
|a Москва
|c Высшая школа
|d 1982
|
| 215 |
|
|
|a 208 с.
|c ил.
|
| 225 |
1 |
|
|a Профессионально-техническое образование
|
| 305 |
|
|
|a Загл. 2-го изд.: Облицовка синтетическими материалами
|
| 606 |
1 |
|
|a Облицовочные работы в целом
|2 stltpush
|3 (RuTPU)RU\TPU\subj\46403
|9 65543
|
| 610 |
1 |
|
|a облицовочные материалы синтетические
|
| 610 |
1 |
|
|a технология
|
| 610 |
1 |
|
|a свойства
|
| 610 |
1 |
|
|a подготовка поверхностей
|
| 610 |
1 |
|
|a мастики
|
| 610 |
1 |
|
|a клеи
|
| 610 |
1 |
|
|a заделка
|
| 610 |
1 |
|
|a выравнивание
|
| 610 |
1 |
|
|a машины
|
| 610 |
1 |
|
|a стены
|
| 610 |
1 |
|
|a колонны
|
| 610 |
1 |
|
|a погонажные изделия
|
| 610 |
1 |
|
|a потолки
|
| 610 |
1 |
|
|a полы
|
| 610 |
1 |
|
|a ремонт
|
| 610 |
1 |
|
|a дефекты
|
| 610 |
1 |
|
|a техника безопасности
|
| 610 |
1 |
|
|a учебники
|
| 675 |
|
|
|a 693.69(075.32)
|z rus
|v 3
|
| 700 |
|
1 |
|a Белоусов
|b Е. Д.
|g Евгений Дмитриевич
|4 070
|
| 801 |
|
0 |
|a RU
|b RuMRKP
|c 19950704
|g psbo
|
| 801 |
|
1 |
|a RU
|b 63413507
|c 20151210
|
| 801 |
|
2 |
|a RU
|b 63413507
|c 20191105
|g RCR
|
| 942 |
|
|
|c BK
|